|
|
|
|
| LEADER |
00000naa2a2200000 4500 |
| 001 |
385805 |
| 005 |
20231101063414.0 |
| 035 |
|
|
|a (RuTPU)RU\TPU\prd\13991
|
| 090 |
|
|
|a 385805
|
| 100 |
|
|
|a 20030520a2003 k y0rusy50 ca
|
| 101 |
0 |
|
|a rus
|
| 102 |
|
|
|a RU
|
| 200 |
1 |
|
|a Тонкая механика
|f А. Сливнев, Н. Соловьева
|
| 225 |
1 |
|
|a Дела компаний
|
| 461 |
|
1 |
|0 (RuTPU)RU\TPU\prd\1610
|t Нефть России
|o аналитический журнал
|d 1996, 1999-2012
|
| 463 |
|
1 |
|0 (RuTPU)RU\TPU\prd\12401
|t № 3
|v С. 18-19
|d 2003
|
| 610 |
1 |
|
|a "Лукойл-Пермнефть"
|
| 610 |
1 |
|
|a нефтяные компании
|
| 610 |
1 |
|
|a сервис
|
| 610 |
1 |
|
|a нефтепромысловое оборудование
|
| 700 |
|
1 |
|a Сливнев
|b А.
|g Алексей
|
| 701 |
|
1 |
|a Соловьева
|b Н.
|g Наталья
|
| 801 |
|
1 |
|a RU
|b 63413507
|c 20030520
|g PSBO
|
| 801 |
|
2 |
|a RU
|b 63413507
|c 20130801
|g RCR
|
| 942 |
|
|
|c BK
|